Rekordspieler: VfB Stuttgart - Statistiken

Allgemein
  • Dieses Quiz wurde 187 mal gespielt
  • Das Durchschnittsergebnis liegt bei 25 aus 100
Antwortstatistiken
Einsätze Jahre Spieler % Korrekt
230 2005-2009, 2018-2020 Mario Gómez
89%
181 1994-1999 Fredi Bobic
76%
296 1999-2007 Timo Hildebrand
76%
298 1995-2003 Krassimir Balakov
70%
373 2005-2007, 2010-2019 Christian Gentner
67%
387 1983-1994 Guido Buchwald
66%
186 1984-1989 Jürgen Klinsmann
64%
346 2003-2014 Cacau
63%
132 2007-2010 Sami Khedira
59%
270 1978-1986 Bernd Förster
58%
365 1975-1986 Karlheinz Förster
58%
410 1980-1991 Karl Allgöwer
57%
224 1975-1982 Hansi Müller
55%
129 1983-1987 Andreas Müller
53%
152 2009-2011, 2012-2016, 2018-2022 Daniel Didavi
51%
258 1987-1994 Fritz Walter
51%
399 1981-1996 Günther Schäfer
50%
243 2006-2013 Serdar Tasci
50%
230 2002-2008 Fernando Meira
49%
399 1996-2006 Zvonimir Soldo
49%
132 2001-2005 Kevin Kuranyi
47%
220 2008-2015 Sven Ulreich
46%
221 2000-2005, 2009-2010 Aleksandr Hleb
44%
214 2010-2016 Martin Harnik
44%
340 1986-1995 Eike Immel
41%
172 2005-2010 Thomas Hitzlsperger
40%
206 2000-2006 Andreas Hinkel
39%
207 2006-2014 Arthur Boka
38%
135 2005-2010 Ludovic Magnin
37%
458 1973-1985 Hermann Ohlicher
35%
216 2004-2012 Matthieu Delpierre
35%
171 2000-2004 Marcelo Bordon
34%
146 1996-2000 Franz Wohlfahrt
32%
182 2009-2016 Georg Niedermeier
32%
232 2000-2007, 2007-2008 Silvio Meißner
32%
111 2012-2015 Vedad Ibisevic
30%
153 2006-2010 Roberto Hilbert
28%
121 2015-2019 Timo Baumgartl
28%
127 2009-2013 Zdravko Kuzmanovic
27%
109 2017-2018, seit 2019 Orel Mangala
26%
108 2008-2011 Christian Träsch
25%
117 1975-1979 Dieter Hoeneß
25%
408 1972-1987 Helmut Roleder
25%
132 2007-2011 Ciprian Marica
23%
226 1993-2001 Thomas Berthold
23%
240 1982-1990 Ásgeir Sigurvinsson
22%
135 2015-2020 Emiliano Insúa
22%
125 2010-2014 Cristian Molinaro
20%
137 1995-1999 Frank Verlaat
20%
180 1991-2003 Thomas Schneider
20%
131 2013-2017 Alexandru Maxim
19%
174 1999-2007 Heiko Gerber
18%
106 2012-2015 Gotoku Sakai
17%
138 1999-2003 Ionel Ganea
17%
209 1987-1993 Maurizio Gaudino
17%
160 1981-1986 Peter Reichert
17%
137 1961-1969 Rudi Entenmann
15%
104 1999-2003 Sean Dundee
15%
274 1965-1976 Willi Entenmann
15%
187 2000-2006 Christian Tiffert
14%
151 1990-1996 Ludwig Kögl
12%
268 1973-1982 Bernd Martin
9%
215 1985-1991 Jürgen Hartmann
9%
251 1977-1984 Walter Kelsch
9%
185 1990-1997 Andreas Buck
8%
219 1987-1990, 1994-1999 Gerhard Poschner
8%
108 1971-1975 Hans Ettmayer
8%
191 1989-1994 Michael Frontzeck
8%
118 1998-2001 Pablo Thiam
8%
270 1974-1983 Erwin Hadewicz
7%
136 1966-1968, 1971-1973 Horst Köppel
7%
146 1997-2001 Krisztián Lisztes
7%
125 1977-1981 Roland Hattenberger
7%
205 1966-1974 Karl-Heiz Handschuh
6%
185 1986-1994 Alexander Strehmel
5%
164 1966-1971 Gilbert Gress
5%
107 1998-2003 Bradley Carnell
4%
214 1975-1981 Dragan Holcer
4%
121 1989-1994 Eyjólfur Sverrisson
4%
214 1967-1975 Gerhard Heinze
4%
257 1958-1971 Hans Eisele
4%
117 1964-1968, 1970-1971 Hartmut Weiß
4%
109 2000-2003 Jochen Seitz
4%
159 1983.1989 Rainer Zietsch
4%
134 1991-1996 Slobodan Dubajic
4%
215 1958-1968, 1970-1971 Günter Sawitzki
3%
189 1960-1969 Klaus-Dieter Sieloff
3%
186 1973-1980 Markus Elmer
3%
133 1975-1978, 1979-1980 Bernd Schmider
2%
112 1972-1976 Dieter Brenninger
2%
138 1971-1976 Egon Coordes
2%
196 1958-1969 Günter Seibold
2%
221 1963-1971 Hans Arnold
2%
149 1967-1973 Horst Haug
2%
296 1967-1976 Manfred Weidmann
2%
220 1959-1970 Theodor Hoffmann
2%
114 1960-1966 Dieter Höller
1%
132 1963-1969 Gerd Menne
1%
113 1961-1967 Manfred Reiner
1%
221 1968-1975 Reinhold Zech
1%
Keine übereinstimmenden Quizze gefunden
Verteilung der Resultate
Anzahl Personen mit jedem Resultat
Perzentil nach korrekt beantworteten Fragen
Ihre Resultats-Entwicklung
Sie haben dieses Quiz noch nicht gespielt